| 000 | 00654nam a2200217Ia 4500 | ||
|---|---|---|---|
| 008 | 220216s9999 xx 000 0 und d | ||
| 100 | _aRomero-Sanchez M D | ||
| 245 | 0 | _aChlorination of vulcanized SBR rubber by immersion or brushing in TCI solutions | |
| 260 |
_bJournal of Adhesion Science and Technology _c2001 |
||
| 300 | _a1601-1619 | ||
| 650 | _aApplication procedure | ||
| 650 | _aContact angle measurements | ||
| 650 | _aInfrared spectra | ||
| 650 | _aPeel strength | ||
| 650 | _aRubber | ||
| 650 | _aSEM | ||
| 650 | _aSurface treatment by halogenation | ||
| 700 | _aMartin-Martinez J M | ||
| 700 | _aPastor-Blas M M | ||
| 942 | _cJS | ||
| 999 |
_c55575 _d55575 |
||